A Catholic dictionary of theology :

محفوظ في:

التنسيق: كتاب

اللغة: Undetermined

منشور في: New York : , 1962.

الموضوعات:

الوسوم: إضافة وسم

لا توجد وسوم, كن أول من يضع وسما على هذه التسجيلة!

رقم الطلب: (Ref.) BR95 .C27

LEADER 00548nam a2200145Ia 4500
008 220712s9999||||xx |||||||||||||| ||und||
050 4 |a (Ref.) BR95 .C27 
245 1 2 |a A Catholic dictionary of theology : 
264 1 |a New York :  |b ,  |c 1962. 
300 |a 1v. :  |b illus. (part col.) port. (1 col.) map ;  |c 27cm. 
555 4 |o (Ref.) BR95 .C27 
650 |a Theology Dictionaries. 
650 4 |a Catholic Church Dictionaries. 
952 |0 0  |1 0  |2 lcc  |4 0  |7 1  |9 41786  |a ARCE  |b ARCE  |d 2022-07-21  |l 0  |o (Ref.) BR95 .C27  |p 1035153  |r 2022-07-21 00:00:00  |w 2022-07-21  |y BK 
999 |c 48765  |d 48765